|
|
|
|
| LEADER |
00000cam a2200000 c 4500 |
| 001 |
1616512768 |
| 003 |
DE-627 |
| 005 |
20251225200403.0 |
| 007 |
tu |
| 008 |
970814s1997 xxk||||| 00| ||eng c |
| 016 |
7 |
|
|a b97Z4096
|2 UK
|
| 020 |
|
|
|a 1851681329
|9 1-85168-132-9
|
| 035 |
|
|
|a (DE-627)1616512768
|
| 035 |
|
|
|a (DE-576)060749997
|
| 035 |
|
|
|a (DE-599)BSZ060749997
|
| 035 |
|
|
|a (OCoLC)37459583
|
| 040 |
|
|
|a DE-627
|b ger
|c DE-627
|e rakwb
|
| 041 |
|
|
|a eng
|
| 044 |
|
|
|c XA-GB
|
| 082 |
0 |
|
|a 291.2118
|
| 082 |
0 |
|
|a 294.382
|
| 084 |
|
|
|a 0
|2 ssgn
|
| 100 |
1 |
|
|0 (DE-588)105608264X
|0 (DE-627)79437882X
|0 (DE-576)421140852
|4 aut
|a Ling, Trevor Oswald
|d 1920-1995
|
| 109 |
|
|
|a Ling, Trevor Oswald 1920-1995
|a Ling, Trevor O. 1920-1995
|a Ling, Trevor 1920-1995
|a Ling, T. O. 1920-1995
|
| 245 |
1 |
0 |
|a Buddhism & the mythology of evil
|b a study in Thervāda Buddhism
|
| 246 |
3 |
3 |
|a Buddhism and the mythology of evil
|
| 263 |
|
|
|a pbk ; : £11.99 : CIP entry (May.)
|
| 264 |
|
1 |
|a Oxford
|b Oneworld
|c 1997
|
| 300 |
|
|
|a 180 S.
|
| 336 |
|
|
|a Text
|b txt
|2 rdacontent
|
| 337 |
|
|
|a ohne Hilfsmittel zu benutzen
|b n
|2 rdamedia
|
| 338 |
|
|
|a Band
|b nc
|2 rdacarrier
|
| 583 |
1 |
|
|a Archivierung prüfen
|c 20200919
|f DE-640
|z 1
|2 pdager
|
| 583 |
1 |
|
|a Archivierung/Langzeitarchivierung gewährleistet
|f SSG
|x XA-DE-BW
|2 pdager
|5 DE-21
|
| 601 |
|
|
|a Mythologie
|
| 650 |
|
4 |
|a Good and evil
|
| 650 |
|
4 |
|a Good and evil (Buddhism)
|
| 689 |
0 |
0 |
|d s
|0 (DE-588)4121773-1
|0 (DE-627)104234164
|0 (DE-576)209546026
|2 gnd
|a Therawada
|
| 689 |
0 |
1 |
|d s
|0 (DE-588)4007524-2
|0 (DE-627)104162554
|0 (DE-576)208870830
|2 gnd
|a Das Böse
|
| 689 |
0 |
|
|5 (DE-627)
|
| 935 |
|
|
|a mteo
|
| 951 |
|
|
|a BO
|
| ELC |
|
|
|b 1
|
| ITA |
|
|
|a 1
|t 1
|
| LOK |
|
|
|0 000 xxxxxcx a22 zn 4500
|
| LOK |
|
|
|0 001 3200801352
|
| LOK |
|
|
|0 003 DE-627
|
| LOK |
|
|
|0 004 1616512768
|
| LOK |
|
|
|0 005 20130326171403
|
| LOK |
|
|
|0 008 970814||||||||||||||||ger|||||||
|
| LOK |
|
|
|0 040
|a DE-21
|c DE-627
|d DE-21
|
| LOK |
|
|
|0 852
|a DE-21
|
| LOK |
|
|
|0 852 1
|c 12 E 3773
|9 00
|
| LOK |
|
|
|0 935
|a theo
|a sued
|a theo
|
| LOK |
|
|
|0 936ln
|a s16.2
|
| LOK |
|
|
|0 936ln
|a t13
|
| LOK |
|
|
|0 939
|a 14-08-97
|b l01
|
| ORI |
|
|
|a SA-MARC-ixtheoa001.raw
|
| REL |
|
|
|a 1
|
| STA |
0 |
0 |
|a Evil,Evil,Theravada,Hinayana,Lesser vehicle,Little vehicle,Buddhism
|
| STB |
0 |
0 |
|a Le mal,Theravāda
|
| STC |
0 |
0 |
|a El malo,Therawada
|
| STD |
0 |
0 |
|a Il male,Theravada,Buddhismo theravada,Buddhismo theravada
|
| STE |
0 |
0 |
|a 上座部佛教,南传佛教,巴利佛教,罪恶,恶,邪恶,罪恶,恶,邪恶
|
| STF |
0 |
0 |
|a 上座部佛教,南傳佛教,巴利佛教,罪惡,惡,邪惡,罪惡,惡,邪惡
|
| STG |
0 |
0 |
|a O mal,Theravada
|
| STH |
0 |
0 |
|a Зло,Тхеравада
|
| STI |
0 |
0 |
|a Θεραβάντα,Βουδισμός Θεραβάντα,Το Κακό
|
| SUB |
|
|
|a REL
|
| SYG |
0 |
0 |
|a Hinajana,Hinayana,Theravada,Theravada-Buddhismus,Kleines Fahrzeug , Das Böse
|